000 00485nam a2200193Ia 4500
003 GCL
008 140319s9999 xx 000 0 ara d
040 _aGCL /
_cGCL
082 0 4 _a891.7
_bا ح
100 1 _aرمسيس يونان
245 1 0 _aالحب الاول /
_cرمسيس يونان
700 1 _aتورجينيف، ايفان
300 _a116 ص
490 _a
650 0 4 _aالادب
650 0 4 _aالادب الروسى
650 0 4 _aالقصص
942 _2ddc
_cBK
999 _c40470
_d40470